| 000 | 00396nam a2200181Ia 4500 | ||
|---|---|---|---|
| 005 | 20250423095951.0 | ||
| 008 | 250422s9999 xx 000 0 und d | ||
| 020 | _a9789351453246 | ||
| 050 | _aKN 30 .G3/ | ||
| 100 | _aGandhi, B.M | ||
| 245 | 0 | _aLaw of torts | |
| 250 | _a3rd ed. | ||
| 260 | _aIndia | ||
| 260 | _bEastern book company | ||
| 260 | _c2016 | ||
| 300 | _a523 p | ||
| 942 | _cBK | ||
| 999 |
_c31883 _d31883 |
||